[Event "Hannover Bezirk-ch C"]
[Site "Hannover"]
[Date "2018.10.05"]
[Round "3.9"]
[White "Schmerse, Joachim"]
[Black "Ahlers, Quentin"]
[Result "1-0"]
[WhiteElo "1566"]
[BlackElo "1467"]
[PlyCount "43"]
[EventDate "2018.10.04"]
[EventType "swiss"]
[EventRounds "7"]
[EventCountry "GER"]
[SourceTitle "EXT 2022"]
[Source "ChessBase"]
[SourceDate "2021.10.06"]
[SourceVersion "1"]
[SourceVersionDate "2021.10.06"]
[SourceQuality "1"]

1. e4 e5 2. Nf3 Nc6 3. Bc4 Nf6 4. 0-0 Bc5 5. d3 0-0 6. a3 a5 7. Bd2 d6 8. Nc3 h6 9. Nd5 Bg4 10. h3 Bh5 11. b4 axb4 12. axb4 Bd4 13. c3 Nxd5 14. Bxd5 Rxa1 15. Qxa1 Nxb4 16. cxd4 Nxd3 17. g4 Bg6 18. dxe5 Qe7 19. exd6 Qxd6 20. Qd4 Nc5 21. Bc3 Nxe4 22. Qxg7# 1-0

[Event "Hannover Bezirk-ch C"]
[Site "Hannover"]
[Date "2018.10.04"]
[Round "1.4"]
[White "Schmerse, Joachim"]
[Black "Mueller, Marcus"]
[Result "0-1"]
[WhiteElo "1566"]
[BlackElo "1565"]
[PlyCount "72"]
[EventDate "2018.10.04"]
[EventType "swiss"]
[EventRounds "7"]
[EventCountry "GER"]
[SourceTitle "EXT 2022"]
[Source "ChessBase"]
[SourceDate "2021.10.06"]
[SourceVersion "1"]
[SourceVersionDate "2021.10.06"]
[SourceQuality "1"]

1. Nf3 Nf6 2. c4 c5 3. Nc3 Nc6 4. g3 e6 5. Bg2 Be7 6. d3 0-0 7. 0-0 d5 8. cxd5 Nxd5 9. Bd2 a6 10. Qc1 b5 11. Ne4 Nd4 12. Re1 Bb7 13. e3 Nxf3+ 14. Bxf3 Rc8 15. Qd1 Qd7 16. b3 b4 17. Bc1 f5 18. Nd2 Nc3 19. Qc2 Bxf3 20. Nxf3 Bf6 21. Bb2 Rfd8 22. d4 cxd4 23. exd4 Qd5 24. Qd3 Rc6 25. Ne5 Bxe5 26. Rxe5 Qxe5 27. dxe5 Rxd3 28. a3 a5 29. axb4 axb4 30. Ra8+ Kf7 31. Ra7+ Kg6 32. Rb7 Ne2+ 33. Kf1 Rxb3 34. Kxe2 Rxb2+ 35. Ke3 Rc3+ 36. Kd4 Rd2# 0-1

[Event "Hannover Bezirk-ch A"]
[Site "Lehrte"]
[Date "2017.10.29"]
[Round "3.3"]
[White "Schmerse, Joachim"]
[Black "Lossin, Charlotte"]
[Result "1-0"]
[WhiteElo "1566"]
[BlackElo "1496"]
[PlyCount "109"]
[EventDate "2017.10.??"]
[EventType "swiss"]
[EventRounds "7"]
[EventCountry "GER"]
[SourceTitle "EXT 2022"]
[Source "ChessBase"]
[SourceDate "2021.10.06"]
[SourceVersion "1"]
[SourceVersionDate "2021.10.06"]
[SourceQuality "1"]

1. d4 d5 2. Nf3 c6 3. e3 Nf6 4. c4 Bg4 5. cxd5 cxd5 6. Bb5+ Nc6 7. 0-0 e6 8. h3 Bh5 9. Nc3 Bd6 10. Be2 0-0 11. a3 a5 12. Bd2 Rc8 13. Rc1 Bb8 14. Nb5 Ne4 15. Re1 Qb6 16. a4 Na7 17. Nxa7 Bxa7 18. g4 Bg6 19. Bb5 Nd6 20. Qe2 Nxb5 21. Qxb5 Qxb5 22. axb5 Be4 23. Ne5 b6 24. f3 Bc2 25. Nc6 Rxc6 26. bxc6 Bd3 27. b4 a4 28. Rc3 Bc4 29. e4 b5 30. Be3 Rc8 31. exd5 Bxd5 32. Kf2 Bc4 33. d5 Bb8 34. dxe6 Bxe6 35. Rd1 Kf8 36. Bb6 Bc4 37. Rd8+ Rxd8 38. Bxd8 Ba7+ 39. Kg2 Ke8 40. Bh4 f6 41. Rc1 a3 42. Bf2 Bxf2 43. Kxf2 a2 44. Ke3 Ke7 45. Rd1 Be6 46. f4 g6 47. c7 Bc4 48. Kd4 Be6 49. Kc5 Bd7 50. Kb6 f5 51. g5 Bc8 52. Kxb5 Bb7 53. Kb6 Bf3 54. Ra1 Bd5 55. c8Q 1-0

[Event "Hannover-chA"]
[Site "Lehrte"]
[Date "2015.10.31"]
[Round "6"]
[White "Mumm, Karen"]
[Black "Schmerse, Joachim"]
[Result "0-1"]
[WhiteElo "1373"]
[BlackElo "1527"]
[PlyCount "87"]
[EventDate "2015.10.29"]
[EventType "swiss"]
[EventRounds "7"]
[EventCountry "GER"]
[SourceTitle "EXT 2021"]
[Source "ChessBase"]
[SourceDate "2020.10.23"]
[SourceVersion "1"]
[SourceVersionDate "2020.10.23"]
[SourceQuality "1"]

1. e4 d6 2. d4 c6 3. Nf3 Nf6 4. Nc3 Bg4 5. Be2 h6 6. 0-0 Bh5 7. e5 dxe5 8. dxe5 Nd5 9. Nxd5 cxd5 10. Qd4 Nc6 11. Qa4 Qd7 12. Bb5 Bxf3 13. gxf3 e6 14. Bf4 Bc5 15. Rad1 0-0 16. Bxh6 gxh6 17. Qg4+ Kh8 18. Qh4 Rg8+ 19. Kh1 Bf8 20. Rg1 Qe7 21. Rxg8+ Kxg8 22. Rg1+ Kh8 23. Qg4 Qg5 24. Qxg5 hxg5 25. Rxg5 Bg7 26. Rh5+ Kg8 27. f4 Nb4 28. Rg5 Nxc2 29. f5 exf5 30. Bd7 Nd4 31. Bxf5 Nxf5 32. Rxf5 Rc8 33. Rf3 Bxe5 34. Rb3 b6 35. Ra3 Bb8 36. Rd3 Rd8 37. b3 Kf8 38. Kg2 Ke7 39. h4 Kd6 40. Rf3 Ke6 41. Re3+ Kf5 42. Kh3 d4 43. Rf3+ Kg6 44. Rg3+ 0-1

[Event "Hannover-chA"]
[Site "Lehrte"]
[Date "2015.10.31"]
[Round "5"]
[White "Schmerse, Joachim"]
[Black "Kieselbach, Petra"]
[Result "1/2-1/2"]
[WhiteElo "1527"]
[BlackElo "1545"]
[PlyCount "26"]
[EventDate "2015.10.29"]
[EventType "swiss"]
[EventRounds "7"]
[EventCountry "GER"]
[SourceTitle "EXT 2021"]
[Source "ChessBase"]
[SourceDate "2020.10.23"]
[SourceVersion "1"]
[SourceVersionDate "2020.10.23"]
[SourceQuality "1"]

1. c4 e5 2. d3 c5 3. Nf3 Nc6 4. g3 g6 5. Bg2 Bg7 6. Nc3 d6 7. 0-0 Nge7 8. Ng5 h6 9. Nge4 f5 10. Nd2 0-0 11. e4 Kh7 12. exf5 Bxf5 13. Be4 Rb8 1/2-1/2

[Event "Hannover-chA"]
[Site "Lehrte"]
[Date "2013.10.19"]
[Round "6"]
[White "Schmerse, Joachim"]
[Black "Kieselbach, Petra"]
[Result "1/2-1/2"]
[WhiteElo "1534"]
[BlackElo "1554"]
[PlyCount "50"]
[EventDate "2013.10.17"]
[EventType "swiss"]
[EventRounds "7"]
[EventCountry "GER"]
[SourceTitle "EXT 2021"]
[Source "ChessBase"]
[SourceDate "2020.10.23"]
[SourceVersion "1"]
[SourceVersionDate "2020.10.23"]
[SourceQuality "1"]

1. Nf3 d5 2. e3 Nf6 3. b3 Bf5 4. Bb2 e6 5. Be2 Nbd7 6. 0-0 Be7 7. Nh4 c6 8. Nxf5 exf5 9. d3 Qc7 10. Nd2 0-0-0 11. Nf3 Bd6 12. g3 Rhg8 13. Re1 g5 14. Nd4 f4 15. Nf5 fxe3 16. Nxd6+ Qxd6 17. fxe3 Kb8 18. Bf3 Ne5 19. Bxe5 Qxe5 20. e4 dxe4 21. Bxe4 Nxe4 22. Rxe4 Qxe4 23. dxe4 Rxd1+ 24. Rxd1 Kc7 25. Kf2 Re8 1/2-1/2